KPOP: Seventeen MV songs by release date - Statistics

General Stats
  • This quiz has been taken 942 times
    924 since last reset
  • The average score is 8 of 14
Answer Stats
Date Song % Correct
May 29, 2015 Adore U
93%
April 24, 2016 Pretty U
87%
September 09, 2015 Mansae
81%
July 03, 2016 Very Nice
75%
May 22, 2017 Don't Wanna Cry
74%
November 06, 2017 Clap
73%
January 21, 2019 Home
71%
December 04, 2016 Boom Boom
64%
July 16, 2018 Oh My!
59%
February 05, 2018 Thanks
56%
December 20, 2018 Getting Closer
35%
May 16, 2018 Call Call Call
28%
January 02, 2017 Highlight
20%
Nomember 01, 2016 Check In
7%
No matching quizzes found
Score Distribution
Percent of People with Each Score
Percentile by Number Answered
Your Score History
You have not taken this quiz since the last reset